Statistiques concernant Pokemon des trois premieres generations

Cliquez ici pour prendre le quiz!

Statistiques générales

  • Ce quiz a été pris 30 fois
  • Le résultat moyen est 245 sur 386

Statistiques - réponses

NumeroNom% Correct
1bulbizarre
100%
7carapuce
100%
6dracaufeu
100%
3florizarre
100%
2herbizarre
100%
5reptincel
100%
4salameche
100%
13aspicot
92%
8carabaffe
92%
10chenipan
92%
11chrysacier
92%
76grolem
92%
66machoc
92%
68mackogneur
92%
126magmar
92%
151mew
92%
150mewtwo
92%
12papilusion
92%
25pikachu
92%
74racaillou
92%
26raichu
92%
18roucarnage
92%
16roucool
92%
17roucoups
92%
128tauros
92%
9tortank
92%
23abo
85%
63abra
85%
65alakazam
85%
134aquali
85%
14coconfort
85%
15dardargnan
85%
148draco
85%
149dracolosse
85%
94ectoplasma
85%
125elektek
85%
133evoli
85%
92fantominus
85%
75gravalanche
85%
158kaiminus
85%
106kicklee
85%
130leviator
85%
67machopeur
85%
129magicarpe
85%
173melo
85%
35melofee
85%
52miaouss
85%
147minidraco
85%
103noadkoko
85%
102noeunoeuf
85%
95onix
85%
21piafabec
85%
136pyroli
85%
19rattata
85%
20rattatac
85%
27sabelette
85%
28sablaireau
85%
93spectrum
85%
50taupiqueur
85%
135voltali
85%
55akwakwak
77%
24arbok
77%
59arcanin
77%
251arcko
77%
144artikodin
77%
70boustiflor
77%
58caninos
77%
101electrode
77%
239elekid
77%
71empiflor
77%
156feurisson
77%
40grodoudou
77%
155hericendre
77%
250hooh
77%
97hypnomade
77%
117hypocean
77%
230hyporoi
77%
116hypotrempe
77%
123insecateur
77%
140kabuto
77%
141kabutops
77%
64kadabra
77%
115kangourex
77%
113leveinard
77%
240magby
77%
253massko
77%
154meganium
77%
36melodelfe
77%
122mmime
77%
43mystherbe
77%
34nidoking
77%
31nidoqueen
77%
29 | 32nidoran
77%
30nidorina
77%
33nidorino
77%
41nosferapti
77%
169nostenfer
77%
44ortide
77%
53persian
77%
172pichu
77%
118poissirene
77%
119poissoroy
77%
54psykokwak
77%
142ptera
77%
22rapasdepic
77%
39rondoudou
77%
143ronflex
77%
96soporifik
77%
146sulfura
77%
107tygnon
77%
100voltorbe
77%
160aligatueur
69%
139amonistar
69%
138amonita
69%
348armaldo
69%
184azumarill
69%
251celebi
69%
322chamallot
69%
69chetiflor
69%
212cizayox
69%
159crocrodil
69%
91crustabri
69%
85dodrio
69%
84doduo
69%
371draby
69%
373drattak
69%
145electhor
69%
244entei
69%
200feuforeve
69%
38feunard
69%
80flagadoss
69%
256galifeu
69%
282gardevoir
69%
152germignon
69%
258gobou
69%
37goupix
69%
163hoothoot
69%
182joliflor
69%
254jungko
69%
281kirlia
69%
328kraknoix
69%
87lamantine
69%
330libegon
69%
264lineon
69%
124lippoutou
69%
271lombre
69%
249lugia
69%
153macronium
69%
183marill
69%
196mentali
69%
48mimitoss
69%
289monaflemit
69%
164noarfang
69%
197noctali
69%
42nosferalto
69%
86otaria
69%
46paras
69%
47parasect
69%
202qulbutoke
69%
45rafflesia
69%
384rayquaza
69%
111rhinocorne
69%
112rhinoferos
69%
120stari
69%
121staross
69%
245suicune
69%
280tarsal
69%
51triopikeur
69%
157typhlosion
69%
263zigzaton
69%
49aeromite
62%
227airmure
62%
266armulys
62%
298azurill
62%
340barbicha
62%
268blindalys
62%
354branette
62%
257brasegali
62%
331cacnea
62%
332cacturne
62%
323camerupt
62%
324chartor
62%
57colossinge
62%
229demolosse
62%
386deoxys
62%
56ferosinge
62%
259flobio
62%
162fouinar
62%
161fouinette
62%
305galegon
62%
304galekid
62%
306galeking
62%
78galopa
62%
262grahyena
62%
89grotadmorv
62%
383groudon
62%
297hariyama
62%
385jirachi
62%
382kyogre
62%
260laggron
62%
180lainergie
62%
380latias
62%
381latios
62%
242leuphorie
62%
218limagma
62%
131lokhlass
62%
272ludicolo
62%
81magneti
62%
82magneton
62%
228malosse
62%
261medhyena
62%
167mimigal
62%
312negapi
62%
362oniglali
62%
105ossatueur
62%
104osselait
62%
269papinox
62%
287parecool
62%
181pharamp
62%
274pifeuil
62%
77ponyta
62%
311posipi
62%
255poussifeu
62%
60ptitard
62%
243raikou
62%
79ramoloss
62%
378regice
62%
377regirock
62%
379registeel
62%
369relicanth
62%
199roigada
62%
127scarabrute
62%
337seleroc
62%
109smogo
62%
110smogogo
62%
338solaroc
62%
361stalgamin
62%
208steelix
62%
88tadmorv
62%
62tartard
62%
275tengalice
62%
72tentacool
62%
73tentacruel
62%
61tetarte
62%
175togepi
62%
174toudoudou
62%
357tropius
62%
346vacilys
62%
288vigoroth
62%
219volcaropod
62%
321wailord
62%
179wattouat
62%
359absol
54%
334altaria
54%
347anorith
54%
279bekipan
54%
83canarticho
54%
190capumain
54%
308charmina
54%
265chenipotte
54%
221cochignon
54%
198cornebre
54%
189cotovol
54%
165coxy
54%
166coxyclaque
54%
301delcatty
54%
309dynavolt
54%
241ecremeuh
54%
310elecsprint
54%
246embrylex
54%
108excelangue
54%
278goelise
54%
187granivol
54%
192heliatronc
54%
365kaimorse
54%
237kapoera
54%
90kokiyass
54%
171lanturn
54%
345lilia
54%
238lippouti
54%
170loupio
54%
296makuhita
54%
220marcacrin
54%
132metamorph
54%
168migalos
54%
360okeoke
54%
364phogleur
54%
353polichombr
54%
137porygon
54%
235queulorior
54%
315roselia
54%
114saquedeneu
54%
185simularbre
54%
355skelenox
54%
300skitty
54%
186tarpaud
54%
302tenefix
54%
356teraclope
54%
176togetic
54%
333tylton
54%
248tyranocif
54%
329vibraninf
54%
320wailmer
54%
201zarbi
54%
283arakdo
46%
285balignon
46%
339barloche
46%
349barpau
46%
213caratroc
46%
286chapignon
46%
267charmillon
46%
293chuchmur
46%
222corayon
46%
236debugant
46%
226demanta
46%
232donphan
46%
372drackhauss
46%
358eoko
46%
188floravol
46%
203girafarig
46%
273grainipiot
46%
277heledelle
46%
352kecleon
46%
99krabboss
46%
98krabby
46%
314lumivole
46%
307meditikka
46%
376metalosse
46%
375metang
46%
350milobellus
46%
313muciole
46%
303mysdibule
46%
177natu
46%
270nenupiot
46%
276nirondelle
46%
363obalie
46%
224octillery
46%
231phanpy
46%
223remoraid
46%
214scarhino
46%
336seviper
46%
319sharpedo
46%
374terhal
46%
191tournegrin
46%
178xatu
46%
247ymphect
46%
194axoloto
38%
295brouhabam
38%
366coquiperl
38%
341ecrapince
38%
215farfuret
38%
210granbull
38%
335mangriff
38%
195maraiste
38%
284maskadra
38%
233porygon2
38%
211qwilfish
38%
294ramboum
38%
368rosabyss
38%
207scorplane
38%
367serpang
38%
209snubbull
38%
299tarinor
38%
216teddiursa
38%
217ursaring
38%
317avaltout
31%
225cadoizo
31%
318carvanha
31%
234cerfrousse
31%
205foretress
31%
316gloupti
31%
326groret
31%
344kaorine
31%
370lovdisc
31%
351morpheo
31%
292munja
31%
291ninjask
31%
204pomdepik
31%
327spinda
31%
325spoink
31%
193yanma
31%
343balbuto
23%
206insolourdo
23%
290ningale
23%
342colhormard
0%

Distribution des résultats

Percentile par nombre de réponses

% des personnes avec chaque résultat

Votre développement - résultats

Vous n’avez pas pris ce quiz